Statistics for Daily Country Riddle #4

Click here to take the quiz!

General Stats

  • This quiz has been taken 1,458 times
  • The average score is 11 of 17

Answer Stats

TypeAnswer% Correct
Found LetterA
100%
Found LetterN
85%
Found LetterO
84%
Found LetterR
77%
Correctly Placed LetterA
75%
Found LetterM
71%
Found LetterE
68%
Correctly Placed LetterN
61%
Found LetterO
60%
Correctly Placed LetterC
55%
Found LetterC
55%
Correctly Placed LetterM
54%
Correctly Placed LetterO
54%
AnswerCameroon
52%
Correctly Placed LetterE
52%
Correctly Placed LetterO
52%
Correctly Placed LetterR
52%

Score Distribution

Percentile by Number Answered

Percent of People with Each Score

Your Score History

You have not taken this quiz